| 000 | 00701nam a2200193 a 4500 | ||
|---|---|---|---|
| 003 | 0 | ||
| 005 | 20250408085057.0 | ||
| 008 | 071121s19uu xx 00 eng d | ||
| 050 |
_aPHS LB 1062.6 _b.F78 2007 |
||
| 100 | _aFrumenti, Andrea L. | ||
| 245 |
_aMetacognitive practices of homogeneous and heterogenous classes / _cAndrea Nicole L. Frumenti. |
||
| 260 |
_aLas PiƱas City, Philippines : _bSouthville International School and Colleges, _c2007. |
||
| 300 |
_a63 pages : _billustrations ; _c28 cm. |
||
| 504 | _aIncludes bibliographical references. | ||
| 650 | _aMetacognition. | ||
| 650 | _aHeterogeneous grouping in education. | ||
| 650 | _aCognitive styles in children. | ||
| 942 |
_2lcc _cPASS |
||
| 999 |
_c97825 _d97825 |
||